Szczegóły MARC21
Frauen in der literarischen Öffentlichkeit 1780-1918 /
-
- @
- pole kontrolne
- 20091223145645.0
-
- a
- Instytucja, która sporządziła opis (NP)
- SZCZ U/IJ
-
- c
- Instytucja, która sporządziła rekord (NP)
- SZCZ U/IJ
-
- d
- Instytucja, która zmodyfikowała rekord (P)
- SZCZ U/RJ
-
- a
- Język tekstu (P)
- niemiecki
-
- a
- Kraj miejsca wydania
- Niemcy
-
- c
- Rodzaj dokumentu
- Książka
-
- a
- Miejsce wydania (P)
- Bielefeld :
-
- b
- Nazwa wydawcy (P)
- Aisthesis Verlag,
-
- c
- Data wydania (P)
- 2007.
-
- a
- Określenie formy książki i/lub objętość (NP)
- 334 s. :
-
- b
- Oznaczenie ilustracji (NP)
- wykr. ;
-
- c
- Format (NP)
- 21 cm.
-
- a
- Uwaga dot. bibliografii załącznikowej
- Bibliogr. Ind.
-
- 2
- Identyfikator wydania tablic
- UDC-P058
-
- 9
- UKD
- 8568
-
- a
- Symbol klasyfikacji
- 821.112.2(091)
-
- b
- Dopowiedzenie
- Literatura niemiecka (historia).
-
- 4
- UKD2
- 7631
-
- x
- Poddział wspólny
- =112.2
-
- c
- Dopowiedzenie poddz. wspólnego
- =Język niemiecki (wysokoniemiecki, standardowy niemiecki).
-
- 2
- Identyfikator wydania tablic
- UDC-P058
-
- 9
- UKD
- 2713
-
- a
- Symbol klasyfikacji
- 305
-
- b
- Dopowiedzenie
- Problematyka płci. Gender study. Rola płci z różnych punktów widzenia.
-
- 4
- UKD2
- 7631
-
- x
- Poddział wspólny
- =112.2
-
- c
- Dopowiedzenie poddz. wspólnego
- =Język niemiecki (wysokoniemiecki, standardowy niemiecki).
-
- a
- UKD
- 821.112.2(091):305]=112.2
| 005 -DATA I CZAS OSTATNIEJ MODYFIKACJI [,] |
|
|---|---|
| 020 -Międzynarod. znormalizowany nr książki - ISBN [ , ] | |
| 040 -Instytucja sporządzająca opis [ , ] |
|
| 041 -Język dokumentu [0, ] |
|
| 044 -Kraj miejsca wydania [ , ] |
|
| 942 -Rodzaj dokumentu [ , ] |
|
| 245 -Strefa tytułu i oznaczenia odpowiedzialności [0,0] | |
| 260 -Strefa adresu wydawniczego [ , ] |
|
| 300 -Strefa opisu fizycznego [ , ] |
|
| 504 -Uwaga dot. bibliogr. załącznikowej [ , ] |
|
| 080 -Uniwersalna Klasyfikacja Dziesiętna [ , ] |
|
| 080 -Uniwersalna Klasyfikacja Dziesiętna [ , ] |
|
| 980 -Symbol UKD [ , ] |
|
| 700 -Hasło dodatkowe - nazwa osobowa [1, ] | |
| 700 -Hasło dodatkowe - nazwa osobowa [1, ] | |
| 920 -ISBN [ , ] | |
| Sygnatura | Data inwentaryzacji | Lokalizacja | Status udost. | Numer inwentarzowy |
|---|---|---|---|---|
| GERM. Literatura kobieca 10 | 2009-11-03 | BM | 1 | G.18761 |